You can run... (Record no. 76514)

MARC details
000 -LEADER
fixed length control field 01303cab a2200217 4500
001 - CONTROL NUMBER
control field ##L132591
008 - FIXED-LENGTH DATA ELEMENTS--GENERAL INFORMATION
fixed length control field 060221n2006 000 0 eng u
035 ## - SYSTEM CONTROL NUMBER
System control number (Sirsi) u132591
041 0# - LANGUAGE CODE
Language code of text/sound track or separate title eng
100 1# - MAIN ENTRY--PERSONAL NAME
Personal name Parisotti, Melinda
245 00 - TITLE STATEMENT
Title You can run...
260 ## - PUBLICATION, DISTRIBUTION, ETC.
Date of publication, distribution, etc. 2006
490 #0 - SERIES STATEMENT
Series statement Building
Volume/sequential designation 271(8418) 17 February 2006, 55(1)
520 ## - SUMMARY, ETC.
Summary, etc. Gives the facts of, and comments upon, Baker and Davies plc v Leslie Wilks Associates ([2005] EWHC 1179 (TCC) [2005] BLC 425), where a claim was made by a contractor against an engineer under the Civil Liability (Contribution) Act 1978. The engineer's argument that the time limit for a claim for contribution had expired was rejected by the court. The author argues that if it had been upheld, the effect would be that a non-binding arrangement in the main action, which fell through after two years, would prevent contribution proceedings being brought, which was clearly not the intention of parliament when the Limitation Act 1980 was passed.
590 ## - LOCAL NOTE (RLIN)
Local note 280206
650 24 - SUBJECT ADDED ENTRY--TOPICAL TERM
Topical term or geographic name entry element BAKER AND DAVIES PLC V LESLIE WILKS ASSOCIATES
650 24 - SUBJECT ADDED ENTRY--TOPICAL TERM
Topical term or geographic name entry element CIVIL LIABILITY (CONTRIBUTION) ACT 1978
650 24 - SUBJECT ADDED ENTRY--TOPICAL TERM
Topical term or geographic name entry element LIMITATION ACT 1980
690 ## - LOCAL SUBJECT ADDED ENTRY--TOPICAL TERM (OCLC, RLIN)
Topical term or geographic name as entry element MANAGEMENT-DISPUTE AVOIDANCE, MANAGEMENT AND RESOLUTION-DISPUTE MANAGEMENT AND RESOLUTION-ADVOCACY
942 ## - ADDED ENTRY ELEMENTS (KOHA)
Suppress in OPAC 0
Holdings
Withdrawn status Lost status Source of classification or shelving scheme Damaged status Not for loan Home library Current library Shelving location Date acquired Total Checkouts Full call number Barcode Date last seen Copy number Price effective from Koha item type
    Dewey Decimal Classification     London London Journal article 21/02/2006   L132591 132591-1001 06/08/2019 1 06/08/2019 Journal article